| Tag |
First Indicator |
Second Indicator |
Subfields |
| LEADER |
00000pam a2200000 a 4500 |
| 001 |
in00000090065 |
| 005 |
20151008065539.0 |
| 008 |
811215s1982 cou b 00110 eng |
| 010 |
|
|
|a 81022005
|
| 020 |
|
|
|a 0891587845 :
|c $22.00
|
| 020 |
|
|
|a 0865312850 (pbk.) :
|c $10.00
|
| 035 |
|
|
|a (OCoLC)08113229
|
| 035 |
|
|
|9 AAK6148AM
|
| 039 |
0 |
|
|a 2
|b 3
|c 3
|d 3
|e 3
|
| 040 |
|
|
|a DLC
|c DLC
|d TXA
|d UtOrBLW
|
| 043 |
|
|
|a ew-----
|
| 049 |
|
|
|a TXAM
|c [985638]
|
| 050 |
0 |
0 |
|a HX238.5
|b B63 1982
|
| 082 |
0 |
|
|a 335.43/094
|2 19
|
| 100 |
1 |
|
|a Boggs, Carl.
|
| 245 |
1 |
4 |
|a The impasse of European communism /
|c Carl Boggs.
|
| 264 |
|
1 |
|a Boulder, Colo. :
|b Westview Press,
|c 1982.
|
| 300 |
|
|
|a xiii, 181 pages ;
|c 24 cm.
|
| 336 |
|
|
|a text
|b txt
|2 rdacontent
|
| 337 |
|
|
|a unmediated
|b n
|2 rdamedia
|
| 338 |
|
|
|a volume
|b nc
|2 rdacarrier
|
| 504 |
|
|
|a Includes bibliographical references and index.
|
| 650 |
|
0 |
|a Communism
|z Europe.
|
| 999 |
|
|
|a MARS
|
| 999 |
f |
f |
|s 43e60ef9-cbc0-3d1e-98cb-b37db24da652
|i 9516b34f-a588-3ad1-8bcd-f94b768d0279
|t 0
|
| 952 |
f |
f |
|p ric
|a Texas A&M University
|b Rellis Campus
|c Joint Library Facility
|d Remote Storage
|t 0
|e HX238.5 B63 1982
|h Library of Congress classification
|i unmediated -- volume
|m A14805979497
|
| 998 |
f |
f |
|a HX238.5 B63 1982
|t 0
|l Remote Storage
|